• 首页
  • 本馆介绍
  • 公告通知
  • 最新文献
  • 馆藏检索
  • 电子资源
  • 读者导购
  • 参考咨询
  • 我的图书馆
  • 登录
  • 详细信息显示
  • 放入我的书架
  • 预约/预借图书
  • 作者相关作品
  • 分类相关作品
  • 丛书相关作品
  • 出版社相关作品

书目信息

  • 表格格式
  • 工作单格式
  • 卡片格式
题名:
孤绝花
    
 
作者: 杨典 著
分册:  
出版信息: 北京   中国工人出版社  2007
页数: 310页
开本: 19cm
丛书名:
单 册:
中图分类: G236
科图分类:
主题词: 书评--中国--现代--选集 , 书评
电子资源:
ISBN: 978-7-5008-3803-6
000 00858nam0 2200241 450
001 003373566
005 20070805175720.45
010    @a978-7-5008-3803-6@dCNY22.00@z7-5008-3803-4
100    @a20060104d2007 em y0chiy0110 ea
101 0  @achi
102    @aCN@b110000
105    @aa z 000yy
200 1  @a孤绝花@9gu jue hua@e绝版书评肆拾捌@f杨典著
210    @a北京@c中国工人出版社@d2007
215    @a310页@c图@d19cm
330    @a本书收录作者近年来一些读书感想与追忆。书中谈到了48本旧书及由此博引开的其他无限的书,有散乱的圈点与批判,也有思想、情绪、宣泄、喊叫、仇恨、抨击等,还涉及了琐碎的阅读往事和一个书生的梦境…
517 1  @a绝版书评肆拾捌@9jue ban shu ping ti shi ba
606 0  @a书评@y中国@z现代@j选集
606 0  @a书评
690    @aG236@v4
701  0 @a杨典@9yang dian@f(1972~)@4著
801  0 @aCN@bNLC@c20070805
905    @a10447@dG236@e47
    
    孤绝花:绝版书评肆拾捌/杨典著.-北京:中国工人出版社,2007
    310页:图;19cm
    
    
    ISBN 978-7-5008-3803-6:CNY22.00
    本书收录作者近年来一些读书感想与追忆。书中谈到了48本旧书及由此博引开的其他无限的书,有散乱的圈点与批判,也有思想、情绪、宣泄、喊叫、仇恨、抨击等,还涉及了琐碎的阅读往事和一个书生的梦境…
●
相关链接 在E读中查询图书 在五车中查询图书 在当当中查询图书 在豆瓣中查询图书


正题名:孤绝花     索取号:G236/47         预约/预借

序号 登录号 条形码 馆藏地/架位号 状态 备注
1 0805713   208057136   第一样本阅览室/ [索取号:G236/47] 在馆    
2 0805714   208057145   第四借阅区/ [索取号:G236/47] 在馆    
3 0805715   208057154   第四借阅区/ [索取号:G236/47] 在馆    
4 0805716   208057163   第四借阅区/ [索取号:G236/47] 在馆    
5 0805717   208057172   第四借阅区/ [索取号:G236/47] 在馆    
6 0805718   208057181   第四借阅区/ [索取号:G236/47] 在馆    
7 0805719   208057190   第四借阅区/ [索取号:G236/47] 在馆    
8 0805720   208057207   第四借阅区/ [索取号:G236/47] 在馆    
9 0805721   208057216   第四借阅区/ [索取号:G236/47] 在馆    
10 0805722   208057225   第四借阅区/ [索取号:G236/47] 在馆    
唐山师范学院图书馆 欢迎您!
大连网信软件有限公司© 版权所有